| 000 | 00344nam a2200133Ia 4500 | ||
|---|---|---|---|
| 008 | 191014s9999 xx 000 0 und d | ||
| 020 | _a0-486-41713-1 | ||
| 082 |
_a530.12 _bDIR |
||
| 100 |
_aPaul A.M.Dirac _920325 |
||
| 245 | 0 | _aLectures on Quantum Mechanics | |
| 260 |
_aUSA _bDover Publications INC. _c2001 |
||
| 300 | _aV,87 | ||
| 942 | _cBK | ||
| 999 |
_c530897 _d530897 |
||